00321nam a2200097Ia 4500008004100000020001500041100002300056245006900079260005700148300001800205180205s9999 xx 000 0 und d a9715504167 aVilla, Jose Garcia cChua, JonathanaThe critical villa :bEssays in literacy critism aQuezon CitybAteneo de Manila University pressc2002 aix, 343 pages